[Event "CRI-ch qual"]
[Site "San Jose"]
[Date "2005.06.11"]
[Round "1"]
[White "Cordoba Solano, Edwin"]
[Black "Arias Formoso, Rodolfo"]
[Result "1/2-1/2"]
[WhiteElo "2000"]
[BlackElo "2062"]
[PlyCount "42"]
[EventDate "2005.06.??"]
[EventType "swiss"]
[EventRounds "9"]
[EventCountry "CRI"]
[SourceTitle "EXT 2006"]
[Source "ChessBase"]
[SourceDate "2005.11.24"]
[SourceVersion "1"]
[SourceVersionDate "2005.11.24"]
[SourceQuality "1"]

1. e4 c6 2. d4 d5 3. Nc3 dxe4 4. Nxe4 Nf6 5. Ng3 h5 6. h4 Bg4 7. Be2 e6 8. Qd3 Bd6 9. Bg5 Qa5+ 10. Bd2 Qc7 11. Bxg4 Nxg4 12. Ne4 Be7 13. g3 Nd7 14. Nf3 0-0-0 15. Qb3 e5 16. Nfg5 Bxg5 17. Nxg5 exd4 18. 0-0 Nde5 19. f4 Ne3 20. Bxe3 dxe3 21. Qxe3 Ng4 1/2-1/2